[Event "PRO League Group Stage"]
[Site "chess.com INT"]
[Date "2018.02.07"]
[Round "5"]
[White "Pavasovic, Dusko"]
[Black "Maurizzi, Marc Andria"]
[Result "1-0"]
[WhiteTitle "GM"]
[BlackTitle "CM"]
[WhiteElo "2540"]
[BlackElo "2018"]
[WhiteTeam "Ljubljana Turtles"]
[BlackTeam "Marseille Migraines"]
[WhiteFideId "14600986"]
[BlackFideId "36083534"]
[EventDate "2018.01.18"]

1. e4 c5 2. c3 d5 3. exd5 Qxd5 4. d4 Nc6 5. Nf3 Bf5 6. Na3 cxd4 7. Bc4 Qd7 8.
cxd4 e6 9. O-O Bxa3 10. bxa3 Nf6 11. Bg5 Ne4 12. Be3 O-O 13. Nh4 Bg6 14. Nxg6
hxg6 15. Qf3 Nd6 16. Bd3 Ne7 17. Rab1 Rac8 18. Bd2 Nd5 19. h4 Nc4 20. Bc1 Qe7
21. h5 gxh5 22. Qxh5 Nf6 23. Qh4 b6 24. Bg5 Rfd8 25. Rfe1 Rd5 26. Bxf6 Qxf6 27.
Qh7+ Kf8 28. Qh8+ Ke7 29. Qxc8 1-0

[Event "PRO League Group Stage"]
[Site "chess.com INT"]
[Date "2018.02.07"]
[Round "5"]
[White "Grabinsky, Aaron"]
[Black "Rosenthal, Nicholas"]
[Result "0-1"]
[WhiteElo "2359"]
[BlackElo "2169"]
[WhiteTeam "Webster Windmills"]
[BlackTeam "Miami Champions"]
[WhiteFideId "2087090"]
[BlackFideId "2045150"]
[EventDate "2018.01.18"]

1. d4 e6 2. Bf4 d5 3. e3 Nf6 4. Nd2 Bd6 5. Bg3 O-O 6. Bd3 Re8 7. Ngf3 c6 8. Bxd6
Qxd6 9. Ne5 Nbd7 10. f4 Nf8 11. O-O b6 12. g4 c5 13. c3 Bb7 14. Qf3 Re7 15. g5
N6d7 16. h4 f6 17. Ng4 e5 18. gxf6 e4 19. Qg3 Nxf6 20. Nxf6+ Qxf6 21. Be2 cxd4
22. cxd4 Rc8 23. Rac1 Rec7 24. Nb3 Rxc1 25. Rxc1 Rxc1+ 26. Nxc1 Qc6 27. Qe1 Qc2
28. Qc3 Qxc3 29. bxc3 Kf7 30. Kf2 Ng6 31. h5 Ne7 32. Nb3 a5 33. Nd2 Ke6 34. c4
Kd6 35. Bg4 dxc4 36. Nxc4+ Kc7 37. a3 Bd5 38. Ne5 b5 39. Ke2 Nc6 40. Nd7 b4 41.
axb4 a4 42. Kd2 a3 43. Kc3 a2 44. Kb2 Nxb4 45. Nc5 Nc2 0-1

[Event "PRO League Group Stage"]
[Site "chess.com INT"]
[Date "2018.02.07"]
[Round "5"]
[White "Grabinsky, Aaron"]
[Black "Quesada Perez, Yuniesky"]
[Result "0-1"]
[BlackTitle "GM"]
[WhiteElo "2359"]
[BlackElo "2627"]
[WhiteTeam "Webster Windmills"]
[BlackTeam "Miami Champions"]
[WhiteFideId "2087090"]
[BlackFideId "3504409"]
[EventDate "2018.01.18"]

1. d4 Nf6 2. Bf4 d5 3. e3 c5 4. c3 Nc6 5. Nd2 Bg4 6. Ngf3 e6 7. Bd3 Be7 8. O-O
O-O 9. Qe2 Qb6 10. Rab1 Rac8 11. dxc5 Qxc5 12. e4 dxe4 13. Nxe4 Qh5 14. Ng3 Qd5
15. a3 Bxf3 16. Qxf3 Qxf3 17. gxf3 Rfd8 18. Rfd1 Nd5 19. Be3 Nxe3 20. fxe3 Ne5
21. Be2 g6 22. f4 Nc6 23. Kf2 Kf8 24. Rxd8+ Rxd8 25. Rd1 Rxd1 26. Bxd1 f5 27.
Ne2 e5 28. b4 Bh4+ 29. Ng3 exf4 30. exf4 Ke7 31. Ke3 Kd6 32. Bf3 Bf6 33. Ne2 b6
34. Kd3 Bg7 35. Kc4 a6 36. a4 Nd8 37. b5 a5 38. Bd5 Ne6 39. Bxe6 Kxe6 40. Nd4+
Kd6 41. Kd3 Bh6 42. Ne2 Kc5 43. Nd4 Kd6 44. Ne2 Kd5 45. h3 Bg7 46. Ng1 Bf8 47.
Ne2 Bd6 48. c4+ Kc5 49. Kc3 Be7 50. Nc1 Bf6+ 51. Kd3 Kb4 52. Na2+ Kb3 53. Nc1+
Kxa4 54. Ne2 Kb4 0-1

[Event "PRO League Group Stage"]
[Site "chess.com INT"]
[Date "2018.02.07"]
[Round "5"]
[White "Kavutskiy, Konstantin"]
[Black "Pakleza, Zbigniew"]
[Result "0-1"]
[WhiteTitle "IM"]
[BlackTitle "GM"]
[WhiteElo "2369"]
[BlackElo "2496"]
[WhiteTeam "San Jose Hackers"]
[BlackTeam "Las Vegas Desert Rats"]
[WhiteFideId "2026384"]
[BlackFideId "1119290"]
[EventDate "2018.01.18"]

1. d4 d5 2. c4 c6 3. Nf3 Nf6 4. e3 Bf5 5. Nc3 e6 6. Nh4 Be4 7. f3 Bg6 8. Qb3 Qb6
9. Nxg6 hxg6 10. g3 Nbd7 11. Bd2 Qxb3 12. axb3 a6 13. Bd3 O-O-O 14. c5 e5 15. b4
Re8 16. Kf2 g5 17. h3 g6 18. Kg2 Bg7 19. g4 Nh7 20. Ne2 Nhf8 21. Bc3 Ne6 22.
Rhc1 exd4 23. exd4 Ndf8 24. b5 axb5 25. Ra7 Nc7 26. Be1 Nfe6 27. Bf2 Kb8 28. Ra3
Na6 29. Rca1 Kc7 30. Bg3+ Kd7 31. Bf2 Nb4 32. Bb1 Nxc5 33. Nc3 Ncd3 34. Bxd3
Nxd3 35. Ra7 Kc7 36. Bg3+ Nf4+ 37. Bxf4+ gxf4 38. Rc1 Kb6 39. Ra2 Bxd4 0-1

[Event "PRO League Group Stage"]
[Site "chess.com INT"]
[Date "2018.02.07"]
[Round "5"]
[White "Kavutskiy, Konstantin"]
[Black "Stopa, Jacek"]
[Result "0-1"]
[WhiteTitle "IM"]
[BlackTitle "GM"]
[WhiteElo "2369"]
[BlackElo "2427"]
[WhiteTeam "San Jose Hackers"]
[BlackTeam "Las Vegas Desert Rats"]
[WhiteFideId "2026384"]
[BlackFideId "1119591"]
[EventDate "2018.01.18"]

1. d4 d6 2. e4 Nf6 3. f3 d5 4. e5 Nfd7 5. e6 fxe6 6. Nh3 Nf6 7. Bd3 g6 8. O-O
Bg7 9. Qe2 c5 10. dxc5 Nc6 11. Ng5 e5 12. c3 a5 13. Na3 O-O 14. Bc2 h6 15. Nh3
Bf5 16. Bb3 a4 17. Bd1 Qa5 18. Nb5 Rad8 19. g4 Bd7 20. Bc2 e4 21. b4 Nxb4 22.
cxb4 Bxb5 23. Qe1 Qa6 24. Rf2 exf3 25. Bb2 d4 26. Rxf3 Nxg4 27. Nf4 e5 28. Nxg6
Rxf3 29. Ne7+ Kf7 30. Qh4 Qf6 31. Qxg4 Rf1+ 32. Kg2 Kxe7 33. Rxf1 Qxf1+ 34. Kg3
Qg1+ 35. Kh4 Bf6+ 36. Kh5 Be8+ 0-1

[Event "PRO League Group Stage"]
[Site "chess.com INT"]
[Date "2018.02.07"]
[Round "5"]
[White "Hemant, Sharma2"]
[Black "Ladva, Ottomar"]
[Result "1/2-1/2"]
[WhiteTitle "IM"]
[BlackTitle "GM"]
[WhiteElo "2348"]
[BlackElo "2522"]
[WhiteTeam "Delhi Dynamite"]
[BlackTeam "Estonia Horses"]
[WhiteFideId "5025842"]
[BlackFideId "4500024"]
[EventDate "2018.01.18"]

1. c4 e6 2. Nf3 d5 3. b3 Nf6 4. Bb2 Be7 5. g3 O-O 6. Bg2 c5 7. cxd5 Nxd5 8. O-O
b6 9. d4 cxd4 10. Nxd4 Bb7 11. Nd2 Nc6 12. Nxc6 Bxc6 13. Nc4 Rc8 14. e4 Nf6 15.
Qe2 Qc7 16. Rfd1 Qb7 17. Bxf6 gxf6 18. Nd6 Bxd6 19. Rxd6 Rfd8 20. Rad1 Rxd6 21.
Rxd6 Kf8 22. Rd2 f5 23. f3 fxe4 24. fxe4 Ke8 25. h4 Rd8 26. Rxd8+ Kxd8 27. Kh2
Qd7 28. Qh5 1/2-1/2

[Event "PRO League Group Stage"]
[Site "chess.com INT"]
[Date "2018.02.07"]
[Round "5"]
[White "Hemant, Sharma2"]
[Black "Valner, Uku"]
[Result "1-0"]
[WhiteTitle "IM"]
[WhiteElo "2348"]
[BlackElo "2211"]
[WhiteTeam "Delhi Dynamite"]
[BlackTeam "Estonia Horses"]
[WhiteFideId "5025842"]
[BlackFideId "4502205"]
[EventDate "2018.01.18"]

1. c4 e6 2. Nf3 Nf6 3. b3 b6 4. g3 Bb7 5. Bg2 Be7 6. Bb2 O-O 7. O-O c5 8. d3 d5
9. cxd5 Nxd5 10. Nbd2 Nc6 11. Ne4 Rc8 12. Rc1 Nf6 13. Nc3 Qd7 14. Qd2 Rfd8 15.
Rfd1 h6 16. Qf4 Qe8 17. e4 e5 18. Qe3 Ng4 19. Qe1 Nd4 20. h3 Nxf3+ 21. Bxf3 Nf6
22. Bg2 Ba6 23. Bf1 Nh7 24. Nd5 Bd6 25. Ne3 Ng5 26. Bg2 Bf8 27. h4 Nh7 28. Nc4
Bd6 29. Qc3 f6 30. a4 Nf8 31. a5 b5 32. Nxd6 Rxd6 33. b4 cxb4 34. Qxb4 Rcd8 35.
d4 exd4 36. Rxd4 Rxd4 37. Bxd4 Qd7 38. Be3 Rc8 39. Rxc8 Bxc8 40. Kh2 a6 41. Qc3
Bb7 42. f3 Ng6 43. Bd4 Ne7 44. Bh3 Qc6 45. Bc5 Kh7 46. Qe3 Ng6 47. Bf5 Bc8 48.
Bxg6+ Kxg6 49. g4 Qd7 50. Kg3 Kf7 51. Qa3 Qe6 52. Be3 Bb7 53. Bf4 g5 54. hxg5
hxg5 55. Bb8 Qe7 56. Bd6 Qe6 57. Qc5 Qc4 58. Qa7 Qc6 59. Qb8 Ke6 60. Bb4 Qc8 61.
Qd6+ Kf7 62. Qe7+ Kg6 63. e5 fxe5 64. Bd2 Qc6 65. Qxg5+ Kf7 66. Qf5+ Ke8 67.
Qxe5+ Kf7 68. Qf5+ Kg8 69. Bb4 Qc7+ 70. f4 Qc6 71. Qf8+ Kh7 72. Qe7+ Kg8 73.
Qg5+ Kf7 74. Qf5+ Kg8 75. Qf8+ Kh7 76. Qf7+ Kh8 77. Kh4 Qh1+ 78. Kg5 Qd5+ 79.
Qxd5 Bxd5 80. Kf6 Kg8 81. g5 Bc4 82. f5 Bd5 83. Ke5 Bc4 84. Kf6 Bb3 85. Ke5 Bc4
86. Kd6 Bd3 87. f6 Kf7 88. Kc7 Bf5 89. Kb6 Bc8 90. Kc7 Be6 91. Kb7 Kg6 92. Kxa6
Bc4 93. Kb6 Kxg5 94. Bc3 Kg6 95. a6 b4 96. Bb2 Bd5 97. Kc5 Be4 98. Kxb4 Kf7 99.
Kc5 1-0

[Event "PRO League Group Stage"]
[Site "chess.com INT"]
[Date "2018.02.07"]
[Round "5"]
[White "Nakamura, Hikaru"]
[Black "Xiong, Jeffery"]
[Result "1-0"]
[WhiteTitle "GM"]
[BlackTitle "GM"]
[WhiteElo "2781"]
[BlackElo "2634"]
[WhiteTeam "Seattle Sluggers"]
[BlackTeam "Dallas Destiny"]
[WhiteFideId "2016192"]
[BlackFideId "2047640"]
[EventDate "2018.01.18"]

1. Nf3 Nf6 2. c4 c5 3. b3 g6 4. Bb2 Bg7 5. g3 b6 6. Bg2 Bb7 7. O-O O-O 8. d4
cxd4 9. Qxd4 d6 10. Rd1 Nbd7 11. Qh4 Rc8 12. Nc3 Rc5 13. Qf4 Qa8 14. Qe3 Re8 15.
Ne1 Bxg2 16. Nxg2 a6 17. a4 Ng4 18. Qf3 Qxf3 19. exf3 Nge5 20. Ne1 Rcc8 21. Rab1
Nc6 22. Nd5 Bxb2 23. Rxb2 Kg7 24. Nc2 Red8 25. Nce3 e6 26. Nc3 Nf6 27. f4 Nb4
28. Rbd2 d5 29. g4 Rc7 30. g5 Nh5 31. Ne2 Rcd7 32. Ng4 Nc6 33. Ne5 Rd6 34. Nxc6
Rxc6 35. Kg2 Re8 36. cxd5 exd5 37. Kf3 f6 38. h4 fxg5 39. hxg5 Kf7 40. Rh1 Rc5
41. Ng3 Rc3+ 42. Kg4 Nxg3 43. fxg3 Kg8 44. Rxd5 Ree3 45. Rh3 Rxb3 46. Rd8+ Kg7
47. Rd7+ Kg8 48. Ra7 a5 49. Raxh7 Rxg3+ 50. Rxg3 Rxg3+ 51. Kxg3 Kxh7 52. Kf3 b5
53. axb5 a4 54. b6 a3 55. b7 a2 56. b8=Q a1=Q 57. Qc7+ Kg8 58. Qc8+ Kf7 59. Qd7+
Kf8 60. Qd6+ Kf7 61. Qc7+ Kf8 62. Qc5+ Kf7 63. Qc4+ Kf8 64. Ke4 Qe1+ 65. Kd5 Kg7
66. Qc7+ Kg8 67. Qd8+ Kh7 68. Qd7+ Kh8 69. Qc8+ Kh7 70. Qc7+ Kg8 71. Kd6 Qe4 72.
Qd8+ Kh7 73. Qe7+ 1-0

[Event "PRO League Group Stage"]
[Site "chess.com INT"]
[Date "2018.02.07"]
[Round "5"]
[White "Nakamura, Hikaru"]
[Black "Javakhadze, Zurab"]
[Result "1-0"]
[WhiteTitle "GM"]
[BlackTitle "IM"]
[WhiteElo "2781"]
[BlackElo "2456"]
[WhiteTeam "Seattle Sluggers"]
[BlackTeam "Dallas Destiny"]
[WhiteFideId "2016192"]
[BlackFideId "13603647"]
[EventDate "2018.01.18"]

1. d4 Nf6 2. Bg5 d5 3. e3 e6 4. Nd2 Be7 5. c4 O-O 6. Ngf3 b6 7. cxd5 exd5 8. Bd3
Bb7 9. O-O Nbd7 10. Rc1 c5 11. dxc5 bxc5 12. Qc2 g6 13. Rfd1 Rc8 14. b3 Re8 15.
Bb5 a6 16. Ba4 Rf8 17. Bh6 Re8 18. Qb2 Bf8 19. Bg5 Bg7 20. Qa3 Qa5 21. Nb1 Red8
22. Bxd7 Qxa3 23. Nxa3 Rxd7 24. Bxf6 Bxf6 25. Nc4 Rcc7 26. Nb6 Rd8 27. Na4 Be7
28. Nd2 f6 29. Rc2 Kf7 30. Rdc1 a5 31. Nf3 Ba6 32. Rd1 Ke6 33. Nd4+ Kd6 34. Ne2
Ke5 35. f4+ Ke6 36. Nd4+ Kf7 37. Nf3 Bc8 38. Rcd2 Bb7 39. Kf2 c4 40. bxc4 Rxc4
41. Nb6 Rc3 42. Nd4 Rb8 43. Rb1 Bb4 44. Rbb2 Re8 45. Re2 Rd3 46. Rbc2 Bd6 47.
Nb5 Bb8 48. a4 Re7 49. Nd4 Bd6 50. g3 Bb4 51. Nb5 g5 52. Nc8 Bxc8 53. Rxc8 gxf4
54. exf4 Rxe2+ 55. Kxe2 Rd2+ 56. Kf3 Rxh2 57. Rc7+ Kg6 58. Nd4 h5 59. f5+ Kh6
60. Rc8 Kg7 61. Ne6+ Kf7 62. Rc7+ Ke8 63. Ra7 Ra2 64. Nc7+ Kf8 65. Nxd5 Ra3+ 66.
Kg2 Bd6 67. Nxf6 Rxg3+ 68. Kf2 Ra3 69. Nh7+ Ke8 70. Nf6+ Kf8 71. Ne4 Bf4 72. Rh7
Rxa4 73. Nc5 Rc4 74. Ne6+ Kg8 75. Rg7+ Kh8 76. Kf3 Be5 77. Rg5 a4 78. Rg6 a3 79.
f6 Bxf6 80. Rxf6 Rc8 81. Rh6+ Kg8 82. Rxh5 a2 83. Rh1 Ra8 84. Ra1 Kf7 85. Nd4
Kf6 86. Ke4 Ra3 87. Kd5 Ra5+ 88. Kc4 Ra4+ 89. Kc5 Ra5+ 90. Kb4 Ra8 91. Nb5 Ke5
92. Na3 Rb8+ 93. Kc3 Rc8+ 94. Kb2 Rb8+ 95. Kxa2 Kd4 96. Rc1 Kd3 97. Rc7 Rb6 98.
Nc4 Rb8 99. Ne5+ Kd4 100. Nc6+ 1-0

[Event "PRO League Group Stage"]
[Site "chess.com INT"]
[Date "2018.02.07"]
[Round "5"]
[White "Thavandiran, Shiyam"]
[Black "Beerdsen, Thomas"]
[Result "0-1"]
[WhiteTitle "IM"]
[BlackTitle "IM"]
[WhiteElo "2399"]
[BlackElo "2416"]
[WhiteTeam "Montreal Chessbrahs"]
[BlackTeam "Minnesota Blizzard"]
[WhiteFideId "2605058"]
[BlackFideId "1030108"]
[EventDate "2018.01.18"]

1. e4 c5 2. Nf3 a6 3. g3 b5 4. Bg2 Bb7 5. Qe2 g6 6. h4 h5 7. O-O Bg7 8. Ng5 Nc6
9. c3 c4 10. d4 cxd3 11. Qxd3 Nf6 12. Bf4 O-O 13. Nd2 d6 14. a4 b4 15. cxb4 Nxb4
16. Qb3 a5 17. Rfd1 Nd7 18. Be3 Rc8 19. Rac1 Ne5 20. Nb1 Ng4 21. Rxc8 Qxc8 22.
Rc1 Qd8 23. Bd2 Qb6 24. Be1 Bd4 25. Nh3 Rc8 26. Rxc8+ Bxc8 27. Bf1 Qc6 28. Ng5
e6 29. Nc3 Qc5 30. Nh3 Qe5 31. Nf4 Bb7 32. Bg2 d5 33. Nd1 dxe4 34. Bxb4 axb4 35.
Qxb4 e3 36. Bxb7 exf2+ 37. Nxf2 Qe3 38. Nh3 Qxg3+ 39. Bg2 Bxf2+ 40. Kf1 Ba7 41.
Qe4 Ne3+ 0-1

[Event "PRO League Group Stage"]
[Site "chess.com INT"]
[Date "2018.02.07"]
[Round "5"]
[White "Thavandiran, Shiyam"]
[Black "Tang, Andrew"]
[Result "1-0"]
[WhiteTitle "IM"]
[BlackTitle "IM"]
[WhiteElo "2399"]
[BlackElo "2513"]
[WhiteTeam "Montreal Chessbrahs"]
[BlackTeam "Minnesota Blizzard"]
[WhiteFideId "2605058"]
[BlackFideId "2059630"]
[EventDate "2018.01.18"]

1. e4 e5 2. Nf3 Nc6 3. Nc3 Nf6 4. Bb5 Bb4 5. O-O O-O 6. d3 d6 7. Bg5 Bxc3 8.
bxc3 Qe7 9. Re1 Nd8 10. d4 Ne6 11. Bc1 c5 12. Bf1 Rd8 13. g3 b6 14. a4 Rb8 15.
Nh4 cxd4 16. Nf5 Qc7 17. cxd4 d5 18. exd5 Nxd5 19. Rxe5 Nc3 20. Qg4 Bb7 21. Bf4
Qd7 22. Bc4 Kh8 23. Rxe6 fxe6 24. Bxe6 Ne2+ 25. Kf1 Nxf4 26. Bxd7 Rxd7 27. Qxf4
Rf8 28. Re1 Rdf7 29. g4 Bc8 30. Qg3 h6 31. Re5 Kh7 32. Qd3 g6 33. Ne7 Rxf2+ 34.
Ke1 R8f6 35. Nxc8 Rxh2 36. Re2 Rh1+ 37. Kd2 h5 38. Re7+ Kh8 39. Qe3 hxg4 40. Qe5
Rf1 41. Rf7 1-0

[Event "PRO League Group Stage"]
[Site "chess.com INT"]
[Date "2018.02.07"]
[Round "5"]
[White "Thorfinnsson, Bjorn"]
[Black "Agrest, Inna"]
[Result "0-1"]
[WhiteTitle "IM"]
[BlackTitle "WIM"]
[WhiteElo "2400"]
[BlackElo "2280"]
[WhiteTeam "Reykjavik Puffins"]
[BlackTeam "Stockholm Snowballs"]
[WhiteFideId "2300982"]
[BlackFideId "1708830"]
[EventDate "2018.01.18"]

1. d4 Nf6 2. Nf3 g6 3. Bg5 Bg7 4. e3 d6 5. Bd3 h6 6. Bh4 O-O 7. Nbd2 Nbd7 8. c3
Qe8 9. Qc2 e5 10. O-O-O a6 11. g4 d5 12. dxe5 Nxg4 13. e6 Qxe6 14. Nd4 Qb6 15.
Rhg1 Nde5 16. Be2 c5 17. Qb3 Qc7 18. Bg3 Qe7 19. Qa3 Re8 20. N4b3 b6 21. Nf3 Bb7
22. h3 Nxf3 23. Bxf3 Ne5 24. Bxd5 Bxd5 25. Rxd5 Nc4 26. Qa4 b5 27. Qxc4 bxc4 28.
Nxc5 Rad8 29. Rgd1 Rxd5 30. Rxd5 Rd8 31. Rxd8+ Qxd8 32. Ne4 Qd3 33. Nd2 h5 34.
h4 Bf6 35. Kd1 Qd8 36. Ke2 Bxh4 37. Bf4 g5 38. Be5 Qd3+ 39. Kd1 Bxf2 0-1

[Event "PRO League Group Stage"]
[Site "chess.com INT"]
[Date "2018.02.07"]
[Round "5"]
[White "Agrest, Inna"]
[Black "Hjartarson, Johann"]
[Result "0-1"]
[WhiteTitle "WIM"]
[BlackTitle "GM"]
[WhiteElo "2280"]
[BlackElo "2536"]
[WhiteTeam "Stockholm Snowballs"]
[BlackTeam "Reykjavik Puffins"]
[WhiteFideId "1708830"]
[BlackFideId "2300044"]
[EventDate "2018.01.18"]

1. e4 e5 2. Nf3 Nc6 3. Bb5 a6 4. Ba4 Nf6 5. O-O Be7 6. Re1 b5 7. Bb3 d6 8. c3
O-O 9. h3 Na5 10. Bc2 c5 11. d4 Qc7 12. Nbd2 Bd7 13. Nf1 Nc4 14. Ng3 Rfe8 15.
Nf5 Bxf5 16. exf5 Bf8 17. b3 Nb6 18. Bg5 Nbd5 19. dxe5 dxe5 20. c4 Nc3 21. Qd2
b4 22. Qe3 e4 23. Nd2 Bd6 24. g3 Be5 25. Nf1 h6 26. Bh4 Bd4 27. Qc1 Qe5 28. g4
Nh7 29. Bg3 Qf6 30. h4 h5 31. Ne3 hxg4 32. Nxg4 Qxf5 33. Qf4 Qg6 34. a3 a5 35.
axb4 cxb4 36. Rad1 Nxd1 37. Rxd1 Rad8 38. Re1 f5 39. Ne3 Bxe3 40. Qxe3 Nf6 41.
Kh1 Ng4 42. Qf4 Qf6 43. f3 exf3 44. Rxe8+ Rxe8 45. Qxf3 Qa1+ 46. Kg2 Ne3+ 47.
Kh3 Nxc2 48. Qd5+ Kh8 49. Qxf5 Rd8 50. Qxc2 Qf1+ 51. Kh2 Re8 52. Bf2 Re2 0-1

[Event "PRO League Group Stage"]
[Site "chess.com INT"]
[Date "2018.02.07"]
[Round "5"]
[White "Agrest, Inna"]
[Black "Thorhallsson, Throstur"]
[Result "0-1"]
[WhiteTitle "WIM"]
[BlackTitle "GM"]
[WhiteElo "2280"]
[BlackElo "2418"]
[WhiteTeam "Stockholm Snowballs"]
[BlackTeam "Reykjavik Puffins"]
[WhiteFideId "1708830"]
[BlackFideId "2300109"]
[EventDate "2018.01.18"]

1. e4 c5 2. Nf3 d6 3. d4 cxd4 4. Nxd4 Nf6 5. Nc3 Nc6 6. Bg5 e6 7. Qd2 a6 8.
O-O-O Be7 9. f3 Qc7 10. h4 O-O 11. g4 Nxd4 12. Qxd4 b5 13. Be3 Rb8 14. Kb1 b4
15. Ne2 e5 16. Qd2 Be6 17. Nc1 a5 18. g5 Nh5 19. Bh3 a4 20. Rh2 Rfd8 21. Bg4 g6
22. Bxh5 gxh5 23. f4 d5 24. exd5 Rxd5 25. Qe1 Rxd1 26. Qxd1 exf4 27. Bd4 f3 28.
Rd2 Qf4 29. Qe1 Rd8 30. Be3 Qe4 31. Rxd8+ Bxd8 32. Qd2 Be7 33. Qd4 Qxd4 34. Bxd4
h6 35. gxh6 Bxh4 36. Nd3 Kh7 37. Nf2 Kxh6 38. a3 b3 39. cxb3 Bxb3 40. Be3+ Bg5
41. Bd4 f5 42. Nh1 Bd2 43. Nf2 Kg5 0-1

[Event "PRO League Group Stage"]
[Site "chess.com INT"]
[Date "2018.02.07"]
[Round "5"]
[White "Kovalenko, Igor"]
[Black "Salomon, Johan"]
[Result "0-1"]
[WhiteTitle "GM"]
[BlackTitle "GM"]
[WhiteElo "2635"]
[BlackElo "2476"]
[WhiteTeam "Riga Magicians"]
[BlackTeam "Norway Gnomes"]
[WhiteFideId "14117908"]
[BlackFideId "1509500"]
[EventDate "2018.01.18"]

1. e4 c5 2. Nf3 d6 3. d4 cxd4 4. Nxd4 Nf6 5. Nc3 a6 6. Be2 e5 7. Nf3 Be7 8. Bg5
Be6 9. Bxf6 Bxf6 10. Nd5 Be7 11. O-O Nd7 12. Bc4 b5 13. Bb3 O-O 14. Re1 Nc5 15.
h3 Rc8 16. c3 a5 17. Bc2 Bg5 18. a3 Bh6 19. b4 Nd7 20. Bb3 Bxd5 21. Bxd5 Rxc3
22. Qe2 Qb6 23. Red1 a4 24. Rd3 Rc7 25. Rad1 Nf6 26. Nh4 g6 27. Ba2 Rc6 28. Qf3
Kg7 29. g3 Bg5 30. Ng2 h5 31. Ne1 h4 32. Kf1 hxg3 33. fxg3 Nh5 34. Bd5 Rc7 35.
Qf2 Qxf2+ 36. Kxf2 f5 37. Kg2 f4 38. g4 f3+ 39. Rxf3 Rxf3 40. Nxf3 Rc2+ 41. Nd2
Nf6 42. Bb7 Rxd2+ 43. Rxd2 Bxd2 44. Bc6 Bc1 45. Kf3 Bxa3 46. Bxb5 Bxb4 47. Bxa4
g5 48. Bc6 Kf8 49. Bb5 Be1 50. Bc6 Bh4 51. Ke3 Ke7 52. Kd3 Nh7 53. Kc3 Nf8 54.
Bb5 Ne6 55. Bf1 Kd7 56. Kb4 Nc5 57. Bg2 Kc6 58. Kc4 Bg3 59. Bf3 Ne6 60. Be2 Nf4
61. Bf1 Be1 62. Kb3 Kc5 0-1

[Event "PRO League Group Stage"]
[Site "chess.com INT"]
[Date "2018.02.07"]
[Round "5"]
[White "Kovalenko, Igor"]
[Black "Christiansen, Johan-Sebastian"]
[Result "1-0"]
[WhiteTitle "GM"]
[BlackTitle "IM"]
[WhiteElo "2635"]
[BlackElo "2492"]
[WhiteTeam "Riga Magicians"]
[BlackTeam "Norway Gnomes"]
[WhiteFideId "14117908"]
[BlackFideId "1512668"]
[EventDate "2018.01.18"]

1. e4 e6 2. d4 d5 3. Nd2 Be7 4. c3 c5 5. Ngf3 Nf6 6. exd5 Nxd5 7. dxc5 O-O 8.
Ne4 Qc7 9. Bd3 Nd7 10. O-O Nxc5 11. Nxc5 Qxc5 12. Re1 b6 13. Be4 Bb7 14. Ne5 Qc7
15. Qf3 Bd6 16. Qh3 Nf6 17. Bxb7 Qxb7 18. Nf3 Rfe8 19. Bg5 Ne4 20. Qh4 Nxg5 21.
Nxg5 h6 22. Ne4 Be7 23. Qh5 Red8 24. Qe2 Rd7 25. Nd2 Rad8 26. Nf3 Bf6 27. Red1
Rd5 28. h3 Qd7 29. Rxd5 Qxd5 30. a4 e5 31. Re1 Qb3 32. Ra1 e4 33. Nh2 Bg5 34.
Nf1 Qd5 35. Re1 f5 36. Qa6 Rd7 37. b4 f4 38. c4 Qc6 39. c5 e3 40. fxe3 fxe3 41.
Qc4+ Kh8 42. Nxe3 Rd2 43. Qg4 bxc5 44. b5 Qf6 45. Nf5 Rd8 46. h4 Bd2 47. Re6 Qc3
48. Kh2 Rf8 49. Re7 Qf6 50. Rxg7 Bf4+ 51. g3 Qb2+ 52. Kh3 Qa1 53. Qg6 Qf1+ 54.
Kg4 Qe2+ 55. Kxf4 Qd2+ 56. Kg4 Qe2+ 57. Kf4 Qd2+ 58. Ke5 Qe2+ 59. Kd6 Qd3+ 60.
Kc6 Qf3+ 61. Kc7 Rc8+ 62. Kxc8 Qa8+ 63. Kc7 1-0

[Event "PRO League Group Stage"]
[Site "chess.com INT"]
[Date "2018.02.07"]
[Round "5"]
[White "Dreev, Aleksey"]
[Black "Stukopin, Andrey"]
[Result "1-0"]
[WhiteTitle "GM"]
[BlackTitle "GM"]
[WhiteElo "2653"]
[BlackElo "2590"]
[WhiteTeam "San Diego Surfers"]
[BlackTeam "Rio Grande Ospreys"]
[WhiteFideId "4100107"]
[BlackFideId "24107131"]
[EventDate "2018.01.18"]

1. d4 d5 2. c4 dxc4 3. Nf3 Nf6 4. e3 Bg4 5. Bxc4 e6 6. h3 Bh5 7. O-O Nc6 8. Be2
Bd6 9. Nbd2 O-O 10. b3 Qe7 11. Bb2 Rad8 12. Nc4 Ne4 13. Nfd2 Bxe2 14. Qxe2 Nxd2
15. Qxd2 e5 16. dxe5 Bxe5 17. Qe2 Bxb2 18. Nxb2 Nd4 19. Qc4 b5 20. Qxd4 Rxd4 21.
exd4 Qa3 22. Nd1 Qb4 23. Ne3 Qxd4 24. Rfd1 Qb2 25. a4 bxa4 26. Rxa4 Qxb3 27.
Rxa7 Qb6 28. Raa1 f5 29. Nd5 Qd6 30. Rac1 c5 31. Ne3 Qe7 32. Nd5 Qd6 33. Ne3 Qb6
34. Nd5 Qa7 35. Ra1 Qb8 36. Rac1 Qe5 37. Rxc5 f4 38. Rdc1 f3 39. Ne3 Qe8 40. g4
Qd8 41. Rd1 Qe7 42. Rcd5 g6 43. g5 h5 44. h4 Rf7 45. R1d4 Kg7 46. Rc4 Qb7 47.
Rd6 Re7 48. Rcc6 Kh7 49. Rxg6 Qb1+ 50. Kh2 Qe1 51. Rh6+ Kg8 52. Rc8+ Kg7 53.
Nf5+ Kf7 54. Rf6# 1-0

[Event "PRO League Group Stage"]
[Site "chess.com INT"]
[Date "2018.02.07"]
[Round "5"]
[White "Dreev, Aleksey"]
[Black "Hevia Alejano, Carlos Antonio"]
[Result "1/2-1/2"]
[WhiteTitle "GM"]
[BlackTitle "GM"]
[WhiteElo "2653"]
[BlackElo "2488"]
[WhiteTeam "San Diego Surfers"]
[BlackTeam "Rio Grande Ospreys"]
[WhiteFideId "4100107"]
[BlackFideId "3508811"]
[EventDate "2018.01.18"]

1. d4 e6 2. c4 Nf6 3. Nc3 Bb4 4. Qc2 O-O 5. Nf3 d5 6. cxd5 exd5 7. Bg5 Be6 8. e3
Nbd7 9. Bd3 h6 10. Bh4 c5 11. dxc5 Nxc5 12. O-O Rc8 13. Rfd1 Nxd3 14. Qxd3 Bxc3
15. bxc3 Bg4 16. Rab1 g5 17. Bg3 b6 18. Rb4 Ne4 19. Be5 Re8 20. Qxd5 Qxd5 21.
Rxd5 Nxc3 22. Bxc3 Rxc3 23. h4 Be6 24. Rd2 gxh4 25. Nd4 Rd8 26. Kh2 Ra3 27. Rbb2
Bg4 28. Rbc2 Rd5 29. f3 Bd7 30. e4 Rc5 31. Rxc5 bxc5 32. Nb3 Be6 33. Nxc5 Bxa2
34. Kh3 Ra5 35. Kxh4 Rxc5 36. Rxa2 a5 37. Rd2 Kg7 38. Rd6 f5 39. exf5 Rxf5 40.
Ra6 h5 41. Kg3 Kf7 42. f4 Rb5 43. Kh4 Kg7 44. g3 Rc5 45. Kh3 Rb5 46. Kg2 Rc5 47.
Kf3 Rb5 48. Ke4 Kf7 49. f5 Rb4+ 50. Ke5 Rb5+ 51. Kf4 Rb4+ 52. Ke5 Rb5+ 53. Kf4
Rb4+ 54. Kg5 Rg4+ 55. Kxh5 Rxg3 56. Rxa5 Kf6 1/2-1/2